000 00782nam a2200229Ii 4500
003 JO-AjNU
008 230605s9999||||xx |||||||||||||| ||und||
017 _a7001
020 _a977-377-078-8
040 _aJO-AjNU
_bara
_erda
_cJO-AjNU
041 _aara
050 1 4 _aHD61.R48.2008
100 3 _aروفيد،جوناثان؛ترجمة علا احمد اصلاح,
_eauthor
_934247
245 0 0 _aادارة مخاطر الاعمال:دليل عملي لحماية اعمالك=Managing Business Risk
250 _aط1
264 3 1 _aالقاهرة:مجموعة النيل العربية،2008
300 _a552ص
336 _atext
_btxt
_2rdacontent
337 _aunmediated
_bn
_2rdamedia
338 _avolume
_bnc
_2rdacarrier
650 4 _aادارة الازمات
_934248
999 _aA14019
_c17587
_d17587